[Event "Portoroz Nat Festival 30th"]
[Site "Portoroz"]
[Date "2020.09.05"]
[Round "4"]
[White "Rozman, Roman"]
[Black "Srebrnic, Vojko"]
[Result "1/2-1/2"]
[WhiteElo "1728"]
[BlackElo "2128"]
[PlyCount "67"]
[EventDate "2020.09.03"]
[EventType "swiss"]
[EventRounds "9"]
[EventCountry "SLO"]
[SourceTitle "CBM 198 Extra"]
[Source "ChessBase"]
[SourceDate "2020.11.30"]
[SourceVersion "1"]
[SourceVersionDate "2020.11.30"]
[SourceQuality "1"]

1. d4 Nf6 2. c4 d6 3. Nc3 e5 4. e3 Be7 5. Bd3 0-0 6. h3 Re8 7. d5 Nbd7 8. e4 Nc5 9. Bc2 a5 10. Be3 Nfd7 11. Nf3 Bf8 12. 0-0 g6 13. Qd2 Bg7 14. a3 a4 15. Qd1 Nb6 16. Bxc5 dxc5 17. Nxa4 Nxc4 18. b3 Nd6 19. Qd2 b6 20. Nc3 Qf6 21. Bd1 Qf4 22. Bc2 Bd7 23. a4 Bh6 24. Rad1 Kg7 25. Qxf4 Bxf4 26. Bd3 Ra5 27. Nd2 Bxd2 28. Rxd2 f5 29. f3 f4 30. Ra2 Kf7 31. h4 h6 32. g4 fxg3 33. Kg2 Rh8 34. Kxg3 1/2-1/2

[Event "Trieste Excelsior Palace op 4th"]
[Site "Trieste"]
[Date "2020.01.04"]
[Round "2"]
[White "Naumkin, Igor"]
[Black "Srebrnic, Vojko"]
[Result "1-0"]
[WhiteElo "2406"]
[BlackElo "2137"]
[PlyCount "87"]
[EventDate "2020.01.03"]
[EventType "swiss"]
[EventRounds "5"]
[EventCountry "ITA"]
[SourceTitle "CBM 194 Extra"]
[Source "ChessBase"]
[SourceDate "2020.03.31"]
[SourceVersion "1"]
[SourceVersionDate "2020.03.31"]
[SourceQuality "1"]

1. d4 Nf6 2. c4 e6 3. Nf3 d5 4. Nc3 Bb4 5. cxd5 Nxd5 6. Bd2 c5 7. a3 Nxc3 8. bxc3 Ba5 9. e4 Nc6 10. Bb5 0-0 11. 0-0 a6 12. Bxc6 bxc6 13. Ne5 Bc7 14. Bf4 f6 15. Nxc6 Qd7 16. Bxc7 Qxc6 17. Bg3 cxd4 18. Qxd4 Bb7 19. f3 e5 20. Qe3 Rac8 21. Rfc1 Qc5 22. Qxc5 Rxc5 23. c4 Rfc8 24. Rab1 Bc6 25. Bf2 Ra5 26. Rc3 Kf7 27. h4 Ke6 28. Rb6 Kf7 29. Rd3 Be8 30. Rb7+ Kg8 31. c5 Rb5 32. Rb6 Ra5 33. g4 Bb5 34. Rc3 Ra4 35. g5 fxg5 36. hxg5 Rc4 37. Rxc4 Bxc4 38. Kg2 Kf7 39. Rb7+ Kf8 40. a4 Rc6 41. Rb6 Rc7 42. c6 Ke7 43. Bc5+ Ke6 44. Rb7 1-0

[Event "SLO-chT1 West 29th"]
[Site "Slovenia"]
[Date "2019.10.19"]
[Round "8.1"]
[White "Srebrnic, Vojko"]
[Black "Ivetic, Saso"]
[Result "0-1"]
[WhiteElo "2167"]
[BlackElo "2019"]
[PlyCount "88"]
[EventDate "2019.09.20"]
[EventType "team-tourn"]
[EventRounds "9"]
[EventCountry "SLO"]
[SourceTitle "CBM 192 Extra"]
[Source "Chessbase"]
[SourceDate "2019.11.06"]
[SourceVersion "1"]
[SourceVersionDate "2019.11.06"]
[SourceQuality "1"]
[WhiteTeam "Nova Gorica"]
[BlackTeam "Kocevje"]
[WhiteTeamCountry "SLO"]
[BlackTeamCountry "SLO"]

1. e4 d6 2. f4 g6 3. Nf3 Bg7 4. Bc4 Nf6 5. Qe2 0-0 6. Nc3 Nc6 7. d3 Na5 8. Bb3 Nxb3 9. axb3 c5 10. 0-0 e6 11. Bd2 Re8 12. Nd1 Bd7 13. Nf2 Bc6 14. Bc3 b5 15. Nd1 b4 16. Bd2 Qb6 17. Kh1 a5 18. Ne3 Qc7 19. Qf2 a4 20. bxa4 Bxa4 21. b3 Bc6 22. Rxa8 Rxa8 23. e5 Nd7 24. exd6 Qxd6 25. Nc4 Qe7 26. Nfe5 Nxe5 27. fxe5 f5 28. Be3 Qc7 29. Bf4 Bd5 30. Ne3 Bb7 31. Qg3 Ra2 32. h4 Qd8 33. Kh2 Qd4 34. Rf2 Ra1 35. Rf1 Ra2 36. Rf2 Ra1 37. h5 Rb1 38. hxg6 h6 39. Nc4 Qa1 40. Qe3 Rh1+ 41. Kg3 Qd1 42. Qe2 Qg1 43. Rf3 h5 44. Bg5 h4+ 0-1

[Event "SLO-chT1 West 29th"]
[Site "Slovenia"]
[Date "2019.09.21"]
[Round "2.4"]
[White "Srebrnic, Vojko"]
[Black "Gostisa, Leon F"]
[Result "0-1"]
[WhiteElo "2167"]
[BlackElo "2406"]
[PlyCount "120"]
[EventDate "2019.09.20"]
[EventType "team-tourn"]
[EventRounds "9"]
[EventCountry "SLO"]
[SourceTitle "CBM 192 Extra"]
[Source "Chessbase"]
[SourceDate "2019.11.06"]
[SourceVersion "1"]
[SourceVersionDate "2019.11.06"]
[SourceQuality "1"]
[WhiteTeam "Nova Gorica"]
[BlackTeam "Vrhnika"]
[WhiteTeamCountry "SLO"]
[BlackTeamCountry "SLO"]

1. e4 c5 2. Nc3 d6 3. Bb5+ Nc6 4. f4 e6 5. Nf3 Nge7 6. 0-0 a6 7. Bxc6+ Nxc6 8. d3 Be7 9. Ne2 0-0 10. Ng3 f5 11. exf5 exf5 12. Bd2 Bf6 13. Bc3 Bd7 14. Qd2 Qb6 15. Bxf6 Rxf6 16. c3 Re8 17. Rfe1 Rff8 18. Rxe8 Rxe8 19. Re1 Rxe1+ 20. Nxe1 Qd8 21. Nf3 Qf6 22. Ne2 Be6 23. a3 Bd5 24. Qe3 Qe7 25. Qxe7 Nxe7 26. Kf2 Kf7 27. Ng5+ Kg6 28. Nf3 Kf6 29. g3 h6 30. Ke3 b6 31. Nd2 Bf7 32. c4 d5 33. b3 d4+ 34. Kf2 Nc6 35. Nc1 Bh5 36. Nf3 Ke6 37. h3 a5 38. Nh2 a4 39. g4 fxg4 40. hxg4 Be8 41. Nf3 Na5 42. bxa4 Bxa4 43. Ne2 g6 44. f5+ gxf5 45. Nf4+ Kd6 46. gxf5 Be8 47. Kg3 Nc6 48. Ng6 Ne7 49. Nxe7 Kxe7 50. Kf4 Bh5 51. Ne5 Be2 52. f6+ Kxf6 53. Nd7+ Ke6 54. Nxb6 Bxd3 55. a4 Kd6 56. a5 Kc6 57. Kg4 Be2+ 58. Kf4 h5 59. Nc8 Bxc4 60. Ne7+ Kb5 0-1

[Event "Portoroz op 13th"]
[Site "Portoroz"]
[Date "2019.07.13"]
[Round "9"]
[White "Ivanec, Dezider"]
[Black "Srebrnic, Vojko"]
[Result "1/2-1/2"]
[WhiteElo "2045"]
[BlackElo "2204"]
[PlyCount "65"]
[EventDate "2019.07.06"]
[EventType "swiss"]
[EventRounds "9"]
[EventCountry "SLO"]
[SourceTitle "EXT 2020"]
[Source "ChessBase"]
[SourceDate "2019.10.17"]
[SourceVersion "1"]
[SourceVersionDate "2019.10.17"]
[SourceQuality "1"]

1. d4 Nf6 2. Bf4 d6 3. Nc3 g6 4. e4 Bg7 5. Qd2 c6 6. 0-0-0 Qa5 7. Kb1 Nbd7 8. Nf3 0-0 9. Nd5 Qd8 10. Nxf6+ Nxf6 11. e5 dxe5 12. Bxe5 Bg4 13. Be2 e6 14. h3 Bxf3 15. Bxf3 Nd5 16. h4 h6 17. Be4 f5 18. Bxd5 exd5 19. Rde1 Qd7 20. f4 h5 21. Rh3 Rfe8 22. Rg3 Re6 23. Rge3 Bf8 24. Qd3 Rae8 25. Rg3 Qf7 26. b3 Be7 27. Rh3 Bf8 28. Rh2 Qd7 29. Rf1 R6e7 30. Rfh1 Kh7 31. Rf1 Rf7 32. g3 Rfe7 33. Re2 1/2-1/2

[Event "Nova Gorica op 24th"]
[Site "Nova Gorica"]
[Date "2019.01.27"]
[Round "4"]
[White "Srebrnic, Vojko"]
[Black "Bratkovic, Jakob"]
[Result "1/2-1/2"]
[WhiteElo "2201"]
[BlackElo "2345"]
[PlyCount "83"]
[EventDate "2019.01.25"]
[EventType "swiss"]
[EventRounds "9"]
[EventCountry "SLO"]
[SourceTitle "CBM 188 Extra"]
[Source "ChessBase"]
[SourceDate "2019.02.28"]
[SourceVersion "1"]
[SourceVersionDate "2019.02.28"]
[SourceQuality "1"]

1. e4 e5 2. Nc3 Nf6 3. Bc4 Nc6 4. d3 Na5 5. Nge2 Be7 6. 0-0 0-0 7. Ng3 Nxc4 8. dxc4 g6 9. Qd3 d6 10. Bh6 Re8 11. Nd5 Nxd5 12. cxd5 Bg5 13. Bxg5 Qxg5 14. Rfe1 f5 15. exf5 gxf5 16. Qc4 f4 17. Ne4 Qg7 18. f3 Bh3 19. Qe2 Kh8 20. Kh1 Bf5 21. c4 Rg8 22. Rg1 Qh6 23. g4 fxg3 24. Nxg3 Qf4 25. Nxf5 Qxf5 26. Rxg8+ Rxg8 27. b3 Rf8 28. Rf1 Qf4 29. Kg1 Rf6 30. Qf2 a6 31. Kh1 e4 32. Qd4 exf3 33. Qxf4 Rxf4 34. Kg1 Kg7 35. Kf2 Kf6 36. Re1 Rd4 37. Kxf3 Rd2 38. Re6+ Kf7 39. Rh6 Kg8 40. Re6 Kf7 41. Rh6 Kg8 42. Re6 1/2-1/2

[Event "Wch Seniors 65 28th"]
[Site "Bled"]
[Date "2018.11.29"]
[Round "11"]
[White "Berkovich, Mark A"]
[Black "Srebrnic, Vojko"]
[Result "1/2-1/2"]
[WhiteElo "2339"]
[BlackElo "2140"]
[PlyCount "53"]
[EventDate "2018.11.18"]
[EventType "swiss"]
[EventRounds "11"]
[EventCountry "SLO"]
[SourceTitle "CBM 187 Extra"]
[Source "ChessBase"]
[SourceDate "2018.11.04"]
[SourceVersion "1"]
[SourceVersionDate "2018.11.04"]
[SourceQuality "1"]

1. d4 Nf6 2. Nf3 g6 3. g3 Bg7 4. Bg2 0-0 5. 0-0 d5 6. c4 c6 7. cxd5 cxd5 8. Nc3 Nc6 9. Ne5 e6 10. Nxc6 bxc6 11. Bf4 Nh5 12. Be3 Nf6 13. Qd2 Nd7 14. Rac1 Nb6 15. b3 Re8 16. Nd1 Qd6 17. Nb2 a5 18. Nd3 f6 19. Qc3 Bd7 20. a4 g5 21. f4 h6 22. Bf3 Reb8 23. Bh5 Nc8 24. Nc5 Ne7 25. Bf2 Be8 26. Bg4 f5 27. Bf3 1/2-1/2